Stevens on TV Quiz Stats

 Plays Quiz Updated May 23, 2021

Support Sporcle.
Go Orange.
Score 0/20 Timer 04:00
3 Plays Today
% Correct
Steve Urkel
94.6%
'Stone Cold'
Steve Austin
93.8%
Steve Hightower
89.2%
Steve Smith
88.3%
Steven Keaton
82.7%
Steven Universe
80.3%
Steve Harrington
80.2%
Stefan Salvatore
79.3%
Steven Carrington
77.1%
Col. Steve Austin
75.8%
% Correct
Stevie Budd
75.5%
Steve Rhoades
75.4%
Steve Douglas
74%
Steve Sanders
71.5%
Steve McGarrett
69.4%
'Stevie' McCord
66.3%
Steve Trevor
65.6%
Steve Brady
62.8%
Stephen Franklin
62.7%
Steven Taylor
48.9%

You're not logged in!

Compare scores with friends on all Sporcle quizzes.
OR
Log In

From the Vault

In Which MCU Movie: Iron Man

by Scimitar_2002

Turns out, he's been in... a lot of those MCU movies.
Remove Ads.
Support Sporcle.
Get the best of Sporcle when you Go Orange. This ad-free experience offers more features, more stats, and more fun while also helping to support Sporcle. Thank you for becoming a member.

Show Comments

Extras

Top Quizzes Today


Score Distribution

Your Account Isn't Verified!

In order to create a playlist on Sporcle, you need to verify the email address you used during registration. Go to your Sporcle Settings to finish the process.

Report this User

Report this user for behavior that violates our Community Guidelines.

Details: